| 000 | 00668nam a2200217 a 4500 | ||
|---|---|---|---|
| 005 | 20240924065259.0 | ||
| 008 | 060825s2004 cl r 000 0 spa d | ||
| 020 | _a9582007575 | ||
| 035 | _aUPN01000146478 | ||
| 049 | _aCG | ||
| 050 | 4 |
_aLC191.9 _bP6.4 |
|
| 245 | 0 | 3 |
_aLa política universitaria en la sociedad del conocimiento / _cFabián Acosta ... [et al.]. |
| 260 |
_aBogotá : _bMagisterio, _c2004. |
||
| 300 | _a186 p. | ||
| 440 | 0 |
_aAlma mater. _pMagisterio |
|
| 650 | 4 |
_aEducación superior _xAspectos sociales _97679 |
|
| 650 | 4 |
_aEducación superior _zColombia _915226 |
|
| 700 | 1 |
_aAcosta, Fabián, _ecoaut. |
|
| 905 | _aLibro | ||
| 999 |
_c118624 _d118624 |
||